ՀՀ Գիտությունների ազգային ակադեմիայի հիմնարար գիտական գրադարան  =   Fundamental Scientific Library of NAS RA

Животноводство / (Record no. 491295)

MARC details
000 -LEADER
fixed length control field 01146nam a2200265 a 4500
003 - CONTROL NUMBER IDENTIFIER
control field AM-YeHGA
040 ## - CATALOGING SOURCE
Original cataloging agency AM-YeHGA
090 ## - LOCALLY ASSIGNED LC-TYPE CALL NUMBER (OCLC); LOCAL CALL NUMBER (RLIN)
-- 494667
001 - CONTROL NUMBER
control field 001041580
005 - DATE AND TIME OF LATEST TRANSACTION
control field 20250617162522.0
008 - FIXED-LENGTH DATA ELEMENTS--GENERAL INFORMATION
fixed length control field 141017s1930 ||||||||||||||||||||rus|c
041 0# - LANGUAGE CODE
Language code of text/sound track or separate title rus
100 1# - MAIN ENTRY--PERSONAL NAME
Personal name Тамамшев, А.З.
110 2# - MAIN ENTRY--CORPORATE NAME
Corporate name or jurisdiction name as entry element Труды экспедиции по обследованию сельского хозяйства ССР Армении в 1926 году
245 10 - TITLE STATEMENT
Title Животноводство /
Statement of responsibility, etc. А.З. Тамамшев ; Под ред. А.З. Тамамшев.
260 ## - PUBLICATION, DISTRIBUTION, ETC.
Place of publication, distribution, etc. Ереван :
Name of publisher, distributor, etc. Изд. Наркомзема ССР Армении,
Date of publication, distribution, etc. 1930.
300 ## - PHYSICAL DESCRIPTION
Extent выпуск
Other physical details
Dimensions
440 #0 - SERIES STATEMENT/ADDED ENTRY--TITLE
Title Народный комиссариат земледелия ССР Армении
504 ## - BIBLIOGRAPHY, ETC. NOTE
Bibliography, etc. note Прилож. : с. 502-529
504 ## - BIBLIOGRAPHY, ETC. NOTE
Bibliography, etc. note Лит. : с. 530-532
505 10 - FORMATTED CONTENTS NOTE
Miscellaneous information Вып. 1. Серия 2 (1930, 535 с., ил.)
Title Материалы по изучению животноводства ССР Армении)
650 14 - SUBJECT ADDED ENTRY--TOPICAL TERM
Topical term or geographic name entry element Животноводство
700 1# - ADDED ENTRY--PERSONAL NAME
Personal name Тамамшев, А.З.
Relator term ред.
Relationship edt
942 ## - ADDED ENTRY ELEMENTS (KOHA)
Source of classification or shelving scheme Universal Decimal Classification
Koha item type Գրքեր / Books
Holdings
Withdrawn status Lost status Source of classification or shelving scheme Damaged status Not for loan Collection Home library Current library Date acquired Serial enumeration / chronology Total checkouts Full call number Barcode Date last seen Price effective from Koha item type Public note
    Universal Decimal Classification     General Fundamental Scientific Library Fundamental Scientific Library 13/03/2019 Вып. 1. Серия 2   РД II/49339 FL0563954 13/03/2019 13/03/2019 Գրքեր / Books 30 Days Loan


ՀՀ ԳԱԱ հիմնարար գիտական գրադարան
ՀՀ,Երևան 0019
Մարշալ Բաղրամյան 24/6
հեռախոս:(374-10) 52-47-50
Հետադարձ կապ

All site content, except where otherwise noted, is licensed under a
Creative Commons License